| 000 | 00477nam a2200157Ia 4500 | ||
|---|---|---|---|
| 008 | 151021s9999 xx 000 0 und d | ||
| 020 | _a9.7800733814e+012 | ||
| 050 | _aHD 62.4 .H548 2009 | ||
| 245 | _a_Global business today .-5 ed Charles W .L.Hill | ||
| 260 | _aBoston McGraw Hill 2009 | ||
| 300 | _axxiii,608p.;ill | ||
| 500 | _aIncludes index. | ||
| 500 | _aIncludes index. | ||
| 650 | _a_International usiness entreprises | ||
| 980 | _a^d20130619 11:39:17^oanne | ||
| 999 |
_c12989 _d12989 |
||